Common Knowledge #2 - Statistics

General Stats
  • This quiz has been taken 345 times
  • The average score is 3 of 9
Answer Stats
Hint Answer % Correct
Lysosomes are only in animals as are centrioles: true or false True
87%
American super soldier belonging to Marvel Captain America
71%
Killer whale's dolphin name Orca
60%
Name of a fish company and a Swedish band ABBA
43%
Flicka means girl in what language Swedish
36%
Ride on the magic _________! Schoolbus
34%
Another movie about dolphins that is not Dolphin Tail 1 or 2 Flipper
12%
The rat without a toe in Harry Potter Peter Pedigrew
2%
Genus _______ Specie; species
0%
No matching quizzes found
Score Distribution
Percent of People with Each Score
Percentile by Number Answered
Your Score History
You have not taken this quiz